Jazyk matematiky jak zviditelnit neviditelné
Salvato in:
| Autore principale: | |
|---|---|
| Altri autori: | |
| Natura: | Libro |
| Lingua: | ceco |
| Pubblicazione: |
Praha
Nakladatelství Argo a Dokořán
2003
|
| Serie: | Aliter
|
| Soggetti: | |
| Tags: |
Nessun Tag, puoi essere il primo ad aggiungerne!!
|
MARC
| LEADER | 00000nam$a2200000$$$4500 | ||
|---|---|---|---|
| 001 | 0045419 | ||
| 005 | 20240306141435.7 | ||
| 020 | |a 80-86569-09-8 | ||
| 020 | |a 80-7203-470-7 | ||
| 041 | 0 | |a cze | |
| 044 | |a CZ | ||
| 245 | 1 | 0 | |a Jazyk matematiky |b jak zviditelnit neviditelné |c Keith Devlin ; přeložil Jan Švábenický |
| 264 | 1 | |a Praha |b Nakladatelství Argo a Dokořán |c 2003 | |
| 300 | |a 343 s. | ||
| 490 | 1 | |a Aliter | |
| 830 | 0 | |a Aliter | |
| 610 | 2 | 0 | |a matematika |
| 610 | 2 | 0 | |a metódy matematické |
| 610 | 2 | 0 | |a vedy prírodné |
| 100 | 1 | |a Devlin, Keith | |
| 700 | 1 | |a Švábenický, Jan | |